000 00360nam a22001337a 4500
020 _a9780075570936
040 _cNust
082 _a510
_bHOE'A
100 _aAlan Hoeing
_9126144
245 _aApplied finite mathematics
260 _aNew York:
_bMcGraw -Hill publishing company,
_c1990.
650 _aApplied finite mathematics
_9126145
942 _2ddc
_cBK
999 _c611915
_d611915